| 000 | 00440nam a2200181Ia 4500 | ||
|---|---|---|---|
| 001 | 9570 | ||
| 005 | 20260306161728.0 | ||
| 008 | 260306t2008||||xx |||||||||||||| ||spa|| | ||
| 041 | _aESP | ||
| 082 |
_a382.01 _bD96 2008 |
||
| 100 |
_aDuarte Cueva, Franklin _eAUT |
||
| 245 | 0 | _aFundamentos de comercio internacional | |
| 260 | _c2008 | ||
| 300 |
_a146 páginas : _c29 cm. |
||
| 650 | _aGEN | ||
| 654 | _aCAN | ||
| 942 |
_cLIB _dJUS _fJUS _2ddc _n |
||
| 999 |
_c9570 _d9570 |
||